| 000 | 005320000a22001570004500 | ||
|---|---|---|---|
| 003 | MACL | ||
| 005 | 20180322132427.0 | ||
| 008 | 180322b xxu||||| |||| 00| 0 eng d | ||
| 040 | _cmacl | ||
| 100 |
_a सिंह, ब्रिगेडियर ज्ञान _971505 |
||
| 245 | _aहिमालय की चोटियों पर | ||
| 260 |
_b नेशनल बुक ट्रस्ट _c1972 |
||
| 350 | _a1.50 | ||
| 650 |
_a चिल्ड्रन्स बुक, _968548 |
||
| 942 |
_cHIN _k741.642 _2ddc |
||
| 999 |
_c22503 _d22503 |
||